Normal view
MARC view
Entry Topical Term
001 - CONTROL NUMBER
- control field: 16343
003 - CONTROL NUMBER IDENTIFIER
- control field: BD-RjUL
005 - DATE AND TIME OF LATEST TRANSACTION
- control field: 20250729182920.0
008 - FIXED-LENGTH DATA ELEMENTS
- fixed length control field: 250729|| aca||aabn | a|a d
040 ## - CATALOGING SOURCE
- Original cataloging agency: BD-RjUL
- Transcribing agency: BD-RjUL
150 ## - HEADING--TOPICAL TERM
- Topical term or geographic name entry element: Stock exchange
- Form subdivision: Share price volatility
670 ## - SOURCE DATA FOUND
- Source citation: Work cat.: (BD-RjUL)85367: Rahman. Md. Habibur, Mixed Approach to detect share price volatility :, 2024